ბათუმის შოთა რუსთაველის სახელმწიფო უნივერსიტეტის ბიბლიოთეკა

Избранные произведения в терх томах : (ბიბ.ჩანაწერი № 59263)

000 -LEADER
fixed length control field 00766nam a22001817a 4500
005 - DATE AND TIME OF LATEST TRANSACTION
control field 20221226122500.0
008 - FIXED-LENGTH DATA ELEMENTS--GENERAL INFORMATION
fixed length control field 221226s1976ru xxu||||| |||| 00| 0 rus d
041 ## - LANGUAGE CODE
Language code of text/sound track or separate title rus
080 ## - UNIVERSAL DECIMAL CLASSIFICATION NUMBER
Universal Decimal Classification number 821.161.1 Ч-56
100 ## - MAIN ENTRY--PERSONAL NAME
Personal name Чехов, А.П.
9 (RLIN) 16586
245 ## - TITLE STATEMENT
Title Избранные произведения в терх томах :
Remainder of title Том 3,Повести и -рассказы 1897 1903 /
Statement of responsibility, etc. А. П. Чехов, Ред. Е. Жеалова
264 ## - PRODUCTION, PUBLICATION, DISTRIBUTION, MANUFACTURE, AND COPYRIGHT NOTICE
Place of production, publication, distribution, manufacture Москва :
Name of producer, publisher, distributor, manufacturer Худож. лит,
Date of production, publication, distribution, manufacture, or copyright notice 1976.
300 ## - PHYSICAL DESCRIPTION
Extent 460 ст,
Other physical details 22 см.
653 ## - INDEX TERM--UNCONTROLLED
keyword Избранные произведения в трех
653 ## - INDEX TERM--UNCONTROLLED
keyword შერჩეული ნაწარმოებები
700 ## - ADDED ENTRY--PERSONAL NAME
Personal name Жеалова, Е.
Relator term რედაქტორი
9 (RLIN) 16587
942 ## - ADDED ENTRY ELEMENTS (KOHA)
Source of classification or shelving scheme
Koha item type წიგნი
ეგზემპლარები
Withdrawn status Lost status Source of classification or shelving scheme Damaged status Not for loan Permanent Location Current Location Shelving location Date acquired Cost, normal purchase price Full call number Barcode Date last seen Copy number Price effective from Koha item type Public note
          ბათუმის შოთა რუსთაველის სახელმწიფო უნივერსიტეტის მთავარი ბიბლიოთეკა ბათუმის შოთა რუსთაველის სახელმწიფო უნივერსიტეტის მთავარი ბიბლიოთეკა წიგნსაცავი 2022-12-26 8.00 821.161.1 Ч-56 63393 2022-12-26 63393 2022-12-26 წიგნი 8.00